000 00433nam a2200193Ia 4500
005 20250603145848.0
008 250603s9999 xx 000 0 und d
020 _a024182001
050 _aPE 1408 .S772/
100 _aStrunk, William
245 4 _aThe elements of style
250 _a3rd ed.
260 _aNew York
260 _bCollier Macmillan
260 _c1979
300 _a92 p
650 _aNew York
942 _cBK
999 _c43079
_d43079